000 01000nam a2200253Ia 4500
003 OSt
005 20221005104052.0
006 a|||||r|||| 00| 0
007 ta
008 221004b |||||||| |||| 00| 0 hin d
020 _a8188125326 (hbk)
_c85
024 _a105939
037 _b12954, 18/03/2011, Kitab Ghar
_cTextual
040 _aCRL
_cCRL
_bhin
041 _2hin
_ahin
082 _aDelta2y7M69:g(Y15), 152Q1
100 _aस्वामी विवेकानन्द
245 0 _aस्वामी विवेकानन्द की श्रेष्ठ कहानियॉं
246 _aSvāmī vivekānanda kī shreṣhṭha kahāniyaॉan
260 _aदिल्ली
_bजगतराम एण्ड सन्स भारत
_c2011
300 _a113पृ0
_ccm.
942 _hDelta2y7M69:g(Y15), 152Q1
_cTEXL
_2cc
999 _c1011647
_d1011647